[Event "Madrid-ch Previa-B"]
[Site "Madrid"]
[Date "2020.02.22"]
[Round "7"]
[White "Canseco Arenas, Alfonso"]
[Black "Sastre Pavicich, Ruben A"]
[Result "1-0"]
[WhiteElo "1604"]
[BlackElo "1577"]
[PlyCount "75"]
[EventDate "2020.02.06"]
[EventType "swiss"]
[EventRounds "9"]
[EventCountry "ESP"]
[SourceTitle "CBM 195 Extra"]
[Source "ChessBase"]
[SourceDate "2020.05.31"]
[SourceVersion "1"]
[SourceVersionDate "2020.05.31"]
[SourceQuality "1"]

1. a3 d5 2. g3 Nf6 3. Bg2 c5 4. c4 e6 5. cxd5 exd5 6. Nf3 Nc6 7. 0-0 Be7 8. d4 0-0 9. Nc3 cxd4 10. Nxd4 Be6 11. Nxe6 fxe6 12. e3 Rc8 13. Ne2 Qb6 14. Nf4 Ne5 15. Qd4 Qd6 16. Qd1 Ng6 17. Re1 Nxf4 18. exf4 Rce8 19. Be3 b6 20. Bd4 Nd7 21. Rc1 Bf6 22. Rc2 Bxd4 23. Qxd4 Rc8 24. Rce2 Rf6 25. Bh3 Nf8 26. Qd3 g6 27. Re5 Rd8 28. Qe2 Kf7 29. Qd2 Re8 30. Bg2 Rd8 31. Rc1 Nd7 32. Ree1 Nc5 33. Qc2 Qd7 34. b4 Na6 35. Bf1 Nb8 36. a4 a6 37. Qc7 Kg8 38. Qxb6 1-0

[Event "Madrid-ch Previa-B"]
[Site "Madrid"]
[Date "2020.02.07"]
[Round "2"]
[White "Sastre Pavicich, Ruben A"]
[Black "Rey Martinez, Jaime"]
[Result "0-1"]
[WhiteElo "1577"]
[BlackElo "1687"]
[PlyCount "40"]
[EventDate "2020.02.06"]
[EventType "swiss"]
[EventRounds "9"]
[EventCountry "ESP"]
[SourceTitle "CBM 195 Extra"]
[Source "ChessBase"]
[SourceDate "2020.05.31"]
[SourceVersion "1"]
[SourceVersionDate "2020.05.31"]
[SourceQuality "1"]

1. d4 d5 2. c4 e6 3. Nc3 c6 4. e3 f5 5. Nf3 Nd7 6. cxd5 cxd5 7. h4 Be7 8. Qa4 Nh6 9. h5 0-0 10. g3 Ng4 11. Bg2 Nb6 12. Qb3 h6 13. Nh4 Bxh4 14. Rxh4 Nf6 15. Bd2 Ne4 16. Nxe4 fxe4 17. Qd1 Nc4 18. Bc3 Bd7 19. Rf4 Rxf4 20. gxf4 Qh4 0-1